A Contribution to The History of the Hamitic Peoples of Africa (Record no. 1357962)

MARC details
000 -LEADER
fixed length control field 00754nam a2200253Ia 4500
008 - FIXED-LENGTH DATA ELEMENTS--GENERAL INFORMATION
fixed length control field 160321s9999||||xx |||||||||||||| ||und||
040 ## - CATALOGING SOURCE
Transcribing agency English
082 ## - DEWEY DECIMAL CLASSIFICATION NUMBER
Classification number XI.B Honea
082 ## - DEWEY DECIMAL CLASSIFICATION NUMBER
Item number BORI-16491
100 ## - MAIN ENTRY--PERSONAL NAME
Personal name Kenneth Howard Honea
245 #2 - TITLE STATEMENT
Title A Contribution to The History of the Hamitic Peoples of Africa
300 ## - PHYSICAL DESCRIPTION
Extent iii+109
300 ## - PHYSICAL DESCRIPTION
Dimensions F
300 ## - PHYSICAL DESCRIPTION
Accompanying material Paperback
530 ## - ADDITIONAL PHYSICAL FORM AVAILABLE NOTE
Uniform Resource Identifier <a href="00017116.pdf">00017116.pdf</a>
563 ## - BINDING INFORMATION
Binding note Study
600 ## - SUBJECT ADDED ENTRY--PERSONAL NAME
Personal name Kenneth Howard Honea
630 ## - SUBJECT ADDED ENTRY--UNIFORM TITLE
Uniform title A Contribution to The History of the Hamitic Peoples of Africa
650 ## - SUBJECT ADDED ENTRY--TOPICAL TERM
Topical term or geographic name as entry element "Social History, Culture"
650 ## - SUBJECT ADDED ENTRY--TOPICAL TERM
Topical term or geographic name as entry element General Indology
700 ## - ADDED ENTRY--PERSONAL NAME
Personal name Kenneth Howard Honea
730 ## - ADDED ENTRY--UNIFORM TITLE
Uniform title A Contribution to The History of the Hamitic Peoples of Africa
942 ## - ADDED ENTRY ELEMENTS (KOHA)
Koha item type Book
Holdings
Withdrawn status Lost status Damaged status Not for loan Home library Current library Date acquired Total Checkouts Full call number Barcode Date last seen Price effective from Koha item type
        Bhandarkar Oriental Research Institute, Pune Bhandarkar Oriental Research Institute, Pune     BORI-16491 BORI-16491 03/21/2016 03/21/2016 Book